000 00805nam a22002177a 4500
999 _c15981
_d15981
003 AR-CdUCM
008 190325b ||||| |||| 00| 0 spa d
040 _aMUNICIPALIDAD PROVINCIAL DEL CUSCO
_cBIBLIOTECA MUNICIPAL DEL CUSCO
082 _23ed.
_a100/
_bK53
100 _aKierkegaard, Sören
_917720
245 _aLos estadios eróticos inmediatos o lo erotico musical /
260 _aBuenos Aires :
_bAguilar,
_c1977.
300 _a162 páginas ;
_c20 cm.
505 _aContenido: Cronología de Kierkegaard -- Los estadios eróticos inmediatos o lo erotico musical -- Introducción insustancial ...
650 _aFilosofía
_9395
650 _aSiglo XIX
_9971
650 _aKierkegaard
_924234
700 _aArmada, Javier (traducción)
_924235
942 _2ddc
_cLIBROS
945 _arah
_d30/04/2019